കുരുടൻമൂങ്ങ (Record no. 66931)
[ view plain ]
| 000 -LEADER | |
|---|---|
| fixed length control field | 00447nam a2200193Ia 4500 |
| 003 - CONTROL NUMBER IDENTIFIER | |
| control field | 0STCL |
| 005 - DATE AND TIME OF LATEST TRANSACTION | |
| control field | 20241017102536.0 |
| 008 - FIXED-LENGTH DATA ELEMENTS--GENERAL INFORMATION | |
| fixed length control field | 150530s9999 xx 000 0 und d |
| 040 ## - CATALOGING SOURCE | |
| Original cataloging agency | STCL |
| Transcribing agency | STCL |
| 100 ## - MAIN ENTRY--PERSONAL NAME | |
| Personal name | Hidayat Sadiq |
| 245 ## - TITLE STATEMENT | |
| Title | കുരുടൻമൂങ്ങ |
| 246 ## - VARYING FORM OF TITLE | |
| Title proper/short title | Kurudanmoonga |
| 250 ## - EDITION STATEMENT | |
| Edition statement | 1 |
| 260 ## - PUBLICATION, DISTRIBUTION, ETC. (IMPRINT) | |
| Name of publisher, distributor, etc. | Poorna; Calicut |
| Date of publication, distribution, etc. | 2008 |
| Place of publication, distribution, etc. | Calicut |
| 300 ## - PHYSICAL DESCRIPTION | |
| Extent | 0 |
| 546 ## - LANGUAGE NOTE | |
| Language note | Malayalam |
| 942 ## - ADDED ENTRY ELEMENTS (KOHA) | |
| Source of classification or shelving scheme | Dewey Decimal Classification |
| Koha item type | Book |
| Withdrawn status | Lost status | Source of classification or shelving scheme | Damaged status | Not for loan | Home library | Current library | Shelving location | Date acquired | Cost, normal purchase price | Total Checkouts | Full call number | Barcode | Date last seen | Date last checked out | Price effective from | Koha item type |
|---|---|---|---|---|---|---|---|---|---|---|---|---|---|---|---|---|
| Dewey Decimal Classification | Santhome Athenaeum | Santhome Athenaeum | General Stacks | 30/05/2015 | 90.00 | 3 | M813 HID-K | 80586 | 10/02/2025 | 03/02/2025 | 30/05/2015 | Book |